| 000 | 00530nam a22002177a 4500 | ||
|---|---|---|---|
| 003 | Nust | ||
| 005 | 20210930112511.0 | ||
| 008 | 170120b xxu||||| |||| 00| 0 eng d | ||
| 020 | _a9780071257657 | ||
| 038 | _akhadija | ||
| 040 | _c. | ||
| 082 |
_a620.105 _bVEC |
||
| 100 |
_aBEER, FERDINAND P. _91378 |
||
| 245 |
_aVector Mechanics for Engineers / _cFERDINAND P. BEER, |
||
| 250 | _a8th | ||
| 260 |
_aBoston, _bMcGraw Hill, _c2007. |
||
| 300 | _aInvp. ; | ||
| 500 | _aPaperback. | ||
| 563 | _aPB | ||
| 942 |
_cBK _2ddc |
||
| 999 |
_c32395 _d32395 |
||